000 00916nam a22002417a 4500
003 OSt
005 20250517160331.0
008 241127b |||||||| |||| 00| 0 eng d
040 _c0
082 _aDPer 647.94068 In821 August-October 2019
100 _aKim, Minsun.
_eauthor.
_964338
245 _aEffect of hotels' price discounts on performance recovery after a crisis /
_cMinsun Kim, Wesley Roehl, and Seul Ki Lee.
260 _aAmsterdam ;
_bElsevier,
_cSeptember 2019.
300 _aVolume 66, pages 74-82,
_billustration.
500 _aInternational Journal of Hospitality Management, v. 81, pages 74-82, August 2019.
650 0 _aCrisis management.
_966847
650 0 _aCrisis coping-strategy.
_966848
650 0 _aPrice discount.
_966849
700 _aKim, Minsun.
_eauthor.
_964335
700 _aRoehl, Wesley.
_eauthor.
_966850
700 _aLee, Seul Ki.
_eauthor.
_966851
942 _2ddc
_cPER
999 _c23243
_d23243